000 00997cam a2200301 a 4500
001 188
003 BR-CuiBMT
005 20231107235113.0
008 230825s2021 mgb 010 0 por d
020 _a9786555182453
040 _aBR-CuiBMT
_cBR-CuiBMT
080 _22007
_a342
090 _a342
_bE79
245 0 0 _aEstado, direito e democracia :
_bestudos em homenagem ao prof. Dr. Augusto Aras /
_cCarlos Vinícios Alves Ribeiro, Dias Toffoli, Otávio Luiz Rodrigues Jr., coordenadores.
260 _aBelo Horizonte ,
_bFórum,
_c2021.
300 _a471 p. ;
_c22 cm
504 _aInclui bibliografia.
600 1 4 _aAras, Augusto,
_d1958-
650 _aDireito constitucional
_zBrasil
650 _aDireito administrativo
_zBrasil
650 _aDireito civil
650 _aEstado de direito
650 _aDemocracia
700 1 _aRibeiro, Carlos Vinícius Alves
_4coord.
700 1 _aToffoli, Dias,
_d1967-
_4coord.
700 1 _aRodrigues Junior, Otavio Luiz
_4coord.
942 _2udc
_cLV
999 _c188
_d188